|
|
|
|
| LEADER |
00739nam a2200229 a 4500 |
| 001 |
000675455 |
| 003 |
CZ BrMZK |
| 005 |
20140827150529.0 |
| 007 |
ta |
| 008 |
030627s1880 xr f ger d |
| 040 |
|
|
|a BOA001
|b cze
|c BOA001
|
| 100 |
1 |
|
|a Curtius, Georg,
|d 1820-1885
|7 mzk2004230939
|4 aut
|
| 245 |
1 |
0 |
|a Griechische Schulgrammatik /
|c von Georg Curtius ; unter Mitwirkung von Bernard Gerth
|
| 250 |
|
|
|a 14. veb. Aufl.
|
| 260 |
|
|
|a Prag :
|b Tempsky,
|c 1880
|
| 300 |
|
|
|a 392 s.
|
| 700 |
1 |
|
|a Gerth, Bernhard,
|d 1844-1911
|7 jx20111219005
|4 aut
|
| 910 |
|
|
|a BOA001
|b 2-0020.934
|
| 964 |
|
|
|a Bohemika - stol. 19.
|
| 990 |
|
|
|a BK
|
| 993 |
|
|
|a Y
|
| 996 |
6 |
|
|b BC-102445
|c 2-0020.934
|l MZK
|r Sklad / do 24 hodin
|n 0
|w 000675455
|u 000010
|a 1
|e BOA001
|j MZK50
|s P
|